TH-SOF-1324-A Balenced Energy Asaptive Routing with Sector-based Node Selectopm in Underwater Wireless Sensor Netwprls (Record no. 576986)
[ view plain ]
| 000 -LEADER | |
|---|---|
| fixed length control field | 00455nam a22001217a 4500 |
| 082 ## - DEWEY DECIMAL CLASSIFICATION NUMBER | |
| Classification number | 200 THE |
| 100 ## - MAIN ENTRY--PERSONAL NAME | |
| Personal name | Saman Cheema |
| 9 (RLIN) | 15566 |
| 245 ## - TITLE STATEMENT | |
| Title | TH-SOF-1324-A Balenced Energy Asaptive Routing with Sector-based Node Selectopm in Underwater Wireless Sensor Netwprls |
| 260 ## - PUBLICATION, DISTRIBUTION, ETC. | |
| Place of publication, distribution, etc. | Islamabad |
| Name of publisher, distributor, etc. | NUST College of EME |
| Date of publication, distribution, etc. | 2016 |
| 650 ## - SUBJECT ADDED ENTRY--TOPICAL TERM | |
| Topical term or geographic name entry element | MS-ELECT-79 MSTHESIS |
| 700 ## - ADDED ENTRY--PERSONAL NAME | |
| Personal name | Supervisor Dr. Shahzad Amin Sheikh Co-supervisor: Dr. Nadeem Javaid |
| 9 (RLIN) | 69902 |
| 942 ## - ADDED ENTRY ELEMENTS (KOHA) | |
| Koha item type | Computer Files |
| Withdrawn status | Lost status | Damaged status | Not for loan | Permanent Location | Current Location | Shelving location | Date acquired | Total Checkouts | Full call number | Barcode | Date last seen | Price effective from | Koha item type |
|---|---|---|---|---|---|---|---|---|---|---|---|---|---|
| College of Electrical & Mechanical Engineering (CEME) | College of Electrical & Mechanical Engineering (CEME) | Reference | 11/11/2019 | 200 THE | TH-SOF-1324 | 06/28/2021 | 06/28/2021 | Computer Files |
